Bài hát mừng giáng sinh

محفوظ في:
التفاصيل البيبلوغرافية
المؤلف الرئيسي: Dickens, Charles
التنسيق: كتاب
اللغة:Undetermined
منشور في: Hà Nội Phụ nữ 2004
الموضوعات:
الوسوم: إضافة وسم
لا توجد وسوم, كن أول من يضع وسما على هذه التسجيلة!
Thư viện lưu trữ: Trung tâm Học liệu Trường Đại học Cần Thơ
LEADER 00527nam a2200205Ia 4500
001 CTU_91056
008 210402s9999 xx 000 0 und d
020 |c 15000 
082 |a 823.8 
082 |b D548 
100 |a Dickens, Charles 
245 0 |a Bài hát mừng giáng sinh 
245 0 |c Charles Dickens 
260 |a Hà Nội 
260 |b Phụ nữ 
260 |c 2004 
650 |a English fiction 
650 |y 20th century 
904 |i Trúc 
980 |a Trung tâm Học liệu Trường Đại học Cần Thơ